00523nam a2200217Ia 4500008004000000041000800040082001100048100002600059245006700085260004800152300001200200440000600212650000800218650001400226650001200240650001500252650001300267650001000280650000600290650000900296210210b1939 xxu||||| |||| 00| 0 eng d aeng a389/15 aISAAC PITMAN AND SONS aPitmans business education: April 1939 to September 1939 Vol 8 aLondonbSir Isaac Pitman & Sons Ltd.,c1939 avii,664 a8 aVol aSeptember aPitmans aeducation: abusiness aApril a8 a1939